Tour de '-ance' Quiz Stats

 Plays Quiz Updated Jul 3, 2018

Score 0/27 Timer 03:00
3 Plays Today
% Correct
Distance
93.3%
Glance
92.9%
Ambulance
92.8%
France
91.4%
Trance
91.4%
Surveillance
91.1%
Allowance
90.9%
Balance
90.8%
Dance
90.7%
Renaissance
90.3%
Fragrance
90.3%
Lance
90%
Maintenance
90%
Endurance
89.9%
% Correct
Appliance
89.8%
Stance
88.9%
Nuisance
88.7%
Enhance
88.5%
Allegiance
88%
Guidance
87.5%
Insurance
84.4%
Resonance
84.4%
Alliance
83.6%
Romance
83.2%
Nuance
82.5%
Resistance
81.3%
Chance
80%

You're not logged in!

Compare scores with friends on all Sporcle quizzes.
OR
Log In

Sporcle TV

Today on Sporcle TV


Watch our educational content, quiz creation guides, and fun videos on Sporcle TV.

Show Comments

Extras

Top Quizzes Today


Score Distribution

Your Account Isn't Verified!

In order to create a playlist on Sporcle, you need to verify the email address you used during registration. Go to your Sporcle Settings to finish the process.

Report this User

Report this user for behavior that violates our Community Guidelines.

Details: